000 00216 a2200097 4500
001 35011
100 _aTariq Rehman
245 _aPakistani English
260 _aIsland
_bN I of Pak Studies
_c
090 _c23163
_d23163
942 _aNUST-CAE
_cM
_c14629
999 _c270084
_d270084